Standard handbook of electronic engineering / (Record no. 1972)

MARC details
000 -LEADER
fixed length control field 01369nac a22002891u 4500
010 ## - LIBRARY OF CONGRESS CONTROL NUMBER
LC control number 2005047880
020 ## - INTERNATIONAL STANDARD BOOK NUMBER
International Standard Book Number 0071384219 (alk. paper)
082 00 - DEWEY DECIMAL CLASSIFICATION NUMBER
Classification number 621.381
Item number C5555
090 ## - LOCALLY ASSIGNED LC-TYPE CALL NUMBER (OCLC); LOCAL CALL NUMBER (OCLC)
-- 1972
-- 1972
100 ## - MAIN ENTRY--PERSONAL NAME
Personal name 20080729
245 00 - TITLE STATEMENT
Title Standard handbook of electronic engineering /
Statement of responsibility, etc Donald Christiansen, editor, Charles K. Alexander, editor, Ronald K. Jurgen, associate editor.
250 ## - EDITION STATEMENT
Edition statement 5th ed.
260 ## - PUBLICATION, DISTRIBUTION, ETC. (IMPRINT)
Place of publication, distribution, etc New York :
Name of publisher, distributor, etc McGraw-Hill,
Date of publication, distribution, etc c2005.
300 ## - PHYSICAL DESCRIPTION
Extent 1 v. (various pagings) :
Other physical details ill. ;
Dimensions 25 cm. +
Accompanying material 1 CD-ROM ( 4 3/4 in.)
440 #0 -
-- McGraw-Hill standard handbooks
500 ## - GENERAL NOTE
General note Rev. ed. of: Electronics engineers' handbook. 4th ed. 1997.
500 ## - GENERAL NOTE
General note Includes index.
650 #0 - SUBJECT ADDED ENTRY--TOPICAL TERM
Topical term or geographic name as entry element Electronics
Form subdivision Handbooks, manuals, etc.
700 1# - ADDED ENTRY--PERSONAL NAME
Personal name Christiansen, Donald.
700 1# - ADDED ENTRY--PERSONAL NAME
Personal name Alexander, Charles K.
700 1# - ADDED ENTRY--PERSONAL NAME
Personal name Jurgen, Ronald K.
856 42 - ELECTRONIC LOCATION AND ACCESS
Materials specified Contributor biographical information
Uniform Resource Identifier <a href="http://www.loc.gov/catdir/enhancements/fy0624/2005047880-b.html">http://www.loc.gov/catdir/enhancements/fy0624/2005047880-b.html</a>
856 42 - ELECTRONIC LOCATION AND ACCESS
Materials specified Publisher description
Uniform Resource Identifier <a href="http://www.loc.gov/catdir/enhancements/fy0624/2005047880-d.html">http://www.loc.gov/catdir/enhancements/fy0624/2005047880-d.html</a>
856 42 - ELECTRONIC LOCATION AND ACCESS
Materials specified Table of contents only
Uniform Resource Identifier <a href="http://www.loc.gov/catdir/enhancements/fy0624/2005047880-t.html">http://www.loc.gov/catdir/enhancements/fy0624/2005047880-t.html</a>
942 ## - ADDED ENTRY ELEMENTS (KOHA)
Item type NB - Book (Non borrowing)
Call number prefix 621.381
Holdings
Withdrawn status Item status Damaged status Not for loan Home library Current library Shelving location Date acquired Source of acquisition Total Checkouts Full call number Barcode Date last seen Cost, replacement price Koha item type
        Central Library Central Library First floor 05/02/2007 Purchase   621.381 STA 000002313 15/07/2025 1023.00 NB - Book (Non borrowing)